Responses for show #4159 - Thursday, October 3, 2002

Mark Brown game 1.

Contestants

[<< previous game]

Mark Brown, an administrative assistant and father from Peoria, Arizona

Nancy Jasinski, an administrative assistant from Posen, Illinois

Christine Schmidt, a high school teacher from Miami, Florida (whose 2-day cash winnings total $33,801)

[next game >>]

Jeopardy! Round responses

ROBERT LOUIS STEVENSON
EDITORS' CHOICES
PORTS
THE FABULOUS (18)50s
PRO FOOTBALL
BACKWORDS
(Alex: Each correct response will be a backward version of one of the words in the clue itself.)
    $200 1
the Highlands

Mark
    $200 11
Rudolph Giuliani

Nancy
    $200 17
Sydney

Mark
    $200 16
cotton

Mark
    $200 2
Pittsburgh Steelers

Nancy
    $200 25
desserts/stressed

Nancy
    $400 3
Dr. Jekyll

Nancy
    $400 12
(Alex: Gee, I guess they didn't know that I was available in '94; maybe not!)

"People's Sexiest Man Alive"

Nancy
    $400 18
Louisiana

Mark
    $400 21
"The Scarlet Letter"

Christine
    $400 5
Kansas City Chiefs

Mark
    $400 26
sinned/Dennis

Mark
    $600 4
"Treasure Island"

Mark
    $600 13
(Alex: Obviously, one of your favorites!)

Millard Fillmore

Nancy
    $600 19
Port-au-Prince

Christine
    $600 22
(Christine: What is peace?)
(Mark: What is freedom?)

liberty

ChristineMark
Triple Stumper
    $600 6
Jim Brown

Mark
    $600 27
drawer/reward

Mark
    $800 9
mining camp

Christine
    $800 14
Avalanche

Triple Stumper
    $1,400 20
Cape Town

Christine
    $800 23
James Buchanan

Mark
    $800 7
Baltimore Ravens

Mark
    $800 28
deliver/reviled

Christine
    $1000 10
Verses

Nancy
    $1000 15
Laura Harring

Triple Stumper
    $1000 24
(Alex: Less than a minute now.)

Port Said

Mark
    $1000 30
Dred Scott Decision

Nancy
    $1000 8
(Mark: Who is Dan Marino?)

Vinny Testaverde

NancyMark
    $1000 29
(Christine: What is sloop?)
...
(Alex: You forgot the "S".)

sloops/spools

ChristineMark

Scores at the first commercial break (after clue 15):

Christine Nancy Mark
$800 $3,800 $1,600

Scores at the end of the Jeopardy! Round:

Christine Nancy Mark
$2,400 $5,000 $5,600

Double Jeopardy! Round responses

THE U.N.
BIG SCREEN BIOS
(Alex: Name the subject.)
WHAT'S THAT THING CALLED?
THE GECKO
EL GRECO
FROM THE GET "GO"
    $400 4
war

Mark
    $400 9
Bruce Lee

Mark
    $400 17
valves

Mark
    $400 5
tail

Christine
    $400 1
Crete

Christine
    $400 8
gopher

Nancy
    $800 6
Arabic

Nancy
    $800 11
Andy Kaufman

Nancy
    $800 23
bridge

Mark
    $800 27
lid

Nancy
    $800 2
(Christine: I'm going to say with a cross, what is a cross?)

Domenikos Theotokopoulos (in Greek)

Christine
Triple Stumper
    $800 10
the Go-Go's

Nancy
    $1200 7
(Christine: Who is Jane Kirkpatrick?)

Jeane Kirkpatrick

ChristineMark
    $1200 12
Erwin Rommel

Nancy
    $1200 24
pommel

Christine
    $1200 28
Oklahoma (OK)

Christine
    $1,500 3
(Christine: What are Madrid & Washington?)

Toledo, Spain & Toledo, Ohio

Christine
    $1200 18
Gobi

Mark
    $1600 14
observer status

Nancy
    $1600 13
Loretta Lynn

Nancy
    $1600 25
(Alex: And less than a minute, now.)

batten

Christine
    $1600 29
Steve Irwin

Triple Stumper
    $1600 21
Mel Ferrer

Christine
    $1600 19
Lady Godiva

Nancy
    $3,800 15
(Nancy: What is Estonia?)
...
(Alex: And it came about this past year.)

East Timor

Nancy
    $2000 16
(Alex: Most decorated soldier in WWII.)

Audie Murphy

Christine
    $2000 26
(Nancy: What is a loom?)

spindle

ChristineNancy
    $2000 30
(Alex: And that takes you into first place; it was a long, hard ride!)

GEICO

Christine
    $2000 22
(Christine: Who is Queen Elizabeth I?)
(Nancy: Who is Queen Elizabeth II?)
...
(Alex: Because she was born in Greece.)

Queen Sofia (of Spain)

ChristineNancy
Triple Stumper
    $2000 20
Nikolai Gogol

Christine

Scores at the end of the Double Jeopardy! Round:

Christine Nancy Mark
$11,300 $6,800 $10,000

[wagering suggestions for these scores]

Final Jeopardy! Round responses

CATCHPHRASES
(Alex: As in "Keeping Up With the Joneses".)
NancyWhat [is keeping] Jones?
$6,799
MarkWhat is Jones
$9,999
ChristineWhat
$11,000
Jones

Final scores:

Christine Nancy Mark
$300 $13,599 $19,999
3rd place: $1,000 2nd place: $2,000 New champion: $19,999

Game dynamics:

Coryat scores:

Christine Nancy Mark
$12,200 $10,600 $10,000
15 R
(including 1 DD),
6 W
(including 1 DD)
18 R,
3 W
(including 1 DD)
19 R,
2 W

Combined Coryat: $32,800

The J! Archive is created by fans, for fans. The Jeopardy! game show and all elements thereof, including but not limited to copyright and trademark thereto, are the property of Jeopardy Productions, Inc. and are protected under law. This website is not affiliated with, sponsored by, or operated by Jeopardy Productions, Inc. Join the discussion at JBoard.tv.